000 00292nam a22001337a 4500
008 170221b xxu||||| |||| 00| 0 eng d
020 _a0899706770
041 _aeng
080 _a625
100 _a5
101 _aSHF
245 _aDRUG EVALUATION ANNUAL 1995
_cBENNETT.D.R
942 _2udc
_cBK
999 _c5985
_d5985